[Event "Mittelfranken-chTB2a 1718"]
[Site "Mittelfranken"]
[Date "2017.10.08"]
[Round "1.8"]
[White "Heumann, Ottmar"]
[Black "Schmiedt, Alexander"]
[Result "1/2-1/2"]
[WhiteElo "1464"]
[BlackElo "1326"]
[PlyCount "52"]
[EventDate "2017.10.08"]
[EventType "team-tourn"]
[EventRounds "9"]
[EventCountry "GER"]
[SourceTitle "EXT 2022"]
[Source "ChessBase"]
[SourceDate "2021.10.06"]
[SourceVersion "1"]
[SourceVersionDate "2021.10.06"]
[SourceQuality "1"]
[WhiteTeam "Treuchtlingen/Wet SG"]
[BlackTeam "Rothenburg II"]
[WhiteTeamCountry "GER"]
[BlackTeamCountry "GER"]

1. e4 b6 2. Bc4 e6 3. Nf3 Bb7 4. d3 g6 5. Bg5 Ne7 6. Bf6 Rg8 7. Ng5 h6 8. Nf3 d6 9. c3 Nd7 10. Bh4 g5 11. Bg3 Bg7 12. h3 a6 13. Nbd2 d5 14. exd5 Nxd5 15. 0-0 b5 16. Bb3 Rc8 17. Re1 Nc5 18. Ne4 Nxb3 19. axb3 Qe7 20. d4 Ra8 21. Nc5 Bc8 22. Ra2 f5 23. Qa1 f4 24. Bh2 Qd6 25. Qb1 Kf7 26. Qe4 Re8 1/2-1/2